Saudi Arabia Quiz - Statistics

General Stats
  • This quiz has been taken 35 times
  • The average score is 7 of 11
Answer Stats
Hint Answer % Correct
The Ka'aba is Located there Makkah
100%
Prophet Muhammad (PBUH) died and buried there Madinah
95%
Capital of Saudi Arabia Riyadh
95%
Main religion in Saudi Arabia Islam Sunni
90%
Abbreviation for Kingdom of Saudi Arabia KSA
76%
Currency Riyal
57%
The Current King Salman
57%
Most valuable company Aramco
48%
He was assassinated by his nephew King Faisal
38%
The Founder of the Kingdom of Saudi Arabia King Abdulaziz
33%
First Saudi state established in 1744
10%
No matching quizzes found
Score Distribution
Percent of People with Each Score
Percentile by Number Answered
Your Score History
You have not taken this quiz